Paroles - Mauvaise foi nocturne 2/2 - Statistiques

Statistiques générales
  • Ce quiz a été pris 47 fois
  • Le résultat moyen est 190 sur 435
Statistiques - réponses
Chanteur Paroles % Correct
à
93%
a ?
93%
a
93%
Le
85%
le
85%
Ma
85%
ma
85%
ou
85%
te
85%
ça
81%
ça,
81%
de
81%
la
81%
là ?
81%
là,
81%
La
81%
pas?
81%
pas
81%
que
81%
Vitoo Que
81%
ta
81%
mais
78%
Fatal | Vitoo Mais
78%
va
78%
des
74%
Fatal | Vitoo Elle
74%
elle
74%
elle ?
74%
elle,
74%
les
74%
tu
70%
Vitoo Tu
70%
Vitoo
70%
Vitoo,
70%
dans
67%
qui
67%
se
63%
toi
63%
toi ?
63%
C'est
59%
c'est
59%
meuf,
59%
ouais
59%
ouais,
59%
Fatal Ouais,
59%
Fatal Ouais
59%
qu'est-ce
59%
Qu'est-ce
59%
un
59%
avec
56%
bras
56%
bras,
56%
dessus
56%
j'ai
56%
J'ai
56%
quoi ?
56%
Fatal Quoi,
56%
quoi,
56%
Tes
56%
T'es
56%
t'es
56%
tes
56%
Et
52%
et
52%
fait
52%
fous
52%
moi
52%
une
52%
faire
48%
fais
48%
Mon
48%
mon
48%
Non
48%
on
48%
On
48%
plus
48%
poubelles
48%
vie,
48%
vie
48%
y
48%
Y
48%
Lève
44%
ne
44%
ninja
44%
Oh,
44%
Vitoo Oh
44%
oh
44%
pour
44%
sais
44%
sorte
44%
sur
44%
sûr
44%
aussi
41%
du
41%
en
41%
Fatal Il
41%
l'amour
41%
p'tits
41%
tombé
41%
vaisselle
41%
vas-y
41%
veut
41%
croix
37%
cul
37%
ex
37%
Gare,
37%
gare
37%
m'est
37%
ouverte,
37%
porte
37%
puis
37%
puis,
37%
qu'je
37%
ses
37%
Tranquillement,
37%
bon,
33%
bon
33%
cuisine
33%
doit
33%
gars
33%
gros
33%
J'en
33%
j'fous
33%
pouvais
33%
putain
33%
Putain
33%
rêve
33%
routine,
33%
son
33%
supporter
33%
tampax
33%
t'as
33%
c'était
30%
culs
30%
désespère
30%
d'ici
30%
est
30%
fini
30%
Vitoo J'vais
30%
même
30%
mère ?
30%
m'force
30%
Paris
30%
Regarde-moi
30%
regarde-moi
30%
social
30%
sous
30%
Vitoo Ton
30%
ton
30%
toutes
30%
connu
26%
copines
26%
femmes
26%
mamie
26%
meufs
26%
Oui
26%
Paname
26%
pelle
26%
s'casse
26%
tac-tac
26%
vibe
26%
viens
26%
aujourd'hui,
22%
bang-bang
22%
came,
22%
coups
22%
Fatal Ferme
22%
J'kiffe
22%
mec
22%
mets
22%
m'finir
22%
michtonneuses
22%
pauvre
22%
peur
22%
remonté
22%
sera
22%
veux
22%
appelé
19%
braguette
19%
capable
19%
Car
19%
donne
19%
d'sauter
19%
d'travestis
19%
foies,
19%
free-fight
19%
garde-les
19%
gueule
19%
nuit
19%
paquet
19%
qu'il
19%
répondeur
19%
serait
19%
tête
19%
vrai,
19%
vu
19%
bien
15%
calsif,
15%
écoute
15%
nymphomane
15%
pourquoi
15%
quand
15%
qu'le
15%
téléphone,
15%
téléphone
15%
toi-même
15%
Fatal Arrête
11%
Fatal Arrête,
11%
arrête
11%
Bah
11%
bah
11%
chez
11%
Vitoo Dépêche-toi
11%
dire
11%
fatigué
11%
haine
11%
l'faire
11%
loi ?
11%
l'tas,
11%
marches
11%
mesquines
11%
numéro,
11%
Vitoo Ouvre-moi
11%
queutard
11%
qu't'es
11%
samu
11%
troisième
11%
verra
11%
Vitoo Alors
7%
clefs
7%
Depuis
7%
disque
7%
droit ?
7%
dur
7%
elles
7%
Elles
7%
externe ?
7%
l'sais,
7%
lui
7%
m'sors
7%
m'tapes,
7%
restes
7%
sécurité
7%
Si
7%
vannes
7%
webcam ?
7%
yeah
7%
Bluetooth ?
4%
bombe
4%
bricoles
4%
caisse
4%
carte
4%
comme
4%
consulter
4%
cric
4%
d'la
4%
fidèle ?
4%
lacrymogène
4%
minitel ?
4%
Fatal Monte,
4%
pissent
4%
prends
4%
rasent
4%
s'fait
4%
t'arriver
4%
toi-aussi
4%
attention
0%
Cliquer
0%
Démonter
0%
d'être
0%
d'fliquer
0%
Est-ce
0%
Vitoo Es-tu
0%
Vitoo Fouiller
0%
gens
0%
j'aim
0%
j'peux
0%
mails ?
0%
Fatal Pareil
0%
passe-moi
0%
Fatal Raccroche,
0%
raccroche
0%
Rends-moi
0%
Rentrer
0%
Aucun quiz correspondant
Distribution des résultats
% des personnes avec chaque résultat
Percentile par nombre de réponses
Votre historique - résultats
Vous n’avez pas pris ce quiz